<?xml version="1.0" encoding="UTF-8"?>
<record
    xmlns:xsi="http://www.w3.org/2001/XMLSchema-instance"
    xsi:schemaLocation="http://www.loc.gov/MARC21/slim http://www.loc.gov/standards/marcxml/schema/MARC21slim.xsd"
    xmlns="http://www.loc.gov/MARC21/slim">

  <leader>03833nam a2200529Ia 4500</leader>
  <controlfield tag="001">dia_1743</controlfield>
  <controlfield tag="003">CHAP</controlfield>
  <controlfield tag="005">20240503125705.0</controlfield>
  <controlfield tag="007">ta</controlfield>
  <controlfield tag="008">220117s2015    mx bdeofr     001 0 spa d</controlfield>
  <datafield tag="040" ind1=" " ind2=" ">
    <subfield code="c">CHAP</subfield>
    <subfield code="a">mxchpua</subfield>
  </datafield>
  <datafield tag="090" ind1=" " ind2=" ">
    <subfield code="a">T.C.711 </subfield>
    <subfield code="b">S26 EIUPA </subfield>
    <subfield code="c">2015</subfield>
  </datafield>
  <datafield tag="245" ind1="1" ind2="3">
    <subfield code="a">Cooperativa Campesina Intercomunal Peumo Coopeumo Ltda. : </subfield>
    <subfield code="b">regi&#xF3;n Libertador Bernardo O&#xB4;Higgins, Chile /</subfield>
    <subfield code="c">coordinadora Ofelia Sandoval Castilla ; colaboradores Julio C&#xE9;sar Briones Ju&#xE1;rez...[et al.]</subfield>
  </datafield>
  <datafield tag="260" ind1=" " ind2=" ">
    <subfield code="a">M&#xE9;xico :</subfield>
    <subfield code="b">El autor,</subfield>
    <subfield code="c">2015</subfield>
  </datafield>
  <datafield tag="300" ind1=" " ind2=" ">
    <subfield code="a">116 hojas :</subfield>
    <subfield code="b">mapas, gr&#xE1;ficas, diagramas, tablas, fotos, planos +</subfield>
    <subfield code="e">1 CD-ROM</subfield>
  </datafield>
  <datafield tag="336" ind1=" " ind2=" ">
    <subfield code="2">rdacontent</subfield>
    <subfield code="a">texto</subfield>
    <subfield code="b">txt</subfield>
  </datafield>
  <datafield tag="337" ind1=" " ind2=" ">
    <subfield code="2">rdamedia</subfield>
    <subfield code="a">no mediado</subfield>
    <subfield code="b">n</subfield>
  </datafield>
  <datafield tag="338" ind1=" " ind2=" ">
    <subfield code="2">rdacarrier</subfield>
    <subfield code="a">volumen</subfield>
    <subfield code="b">nc</subfield>
  </datafield>
  <datafield tag="500" ind1=" " ind2=" ">
    <subfield code="a">Grado 7&#xB0; Grupo 4
El CD contiene reporte y planos
</subfield>
  </datafield>
  <datafield tag="502" ind1=" " ind2=" ">
    <subfield code="a">Viaje de estudios </subfield>
    <subfield code="b">(EIUPA) -- </subfield>
    <subfield code="c">UACh. Departamento de Ingenier&#xED;a Agroindustrial, </subfield>
    <subfield code="d">2015</subfield>
  </datafield>
  <datafield tag="504" ind1=" " ind2=" ">
    <subfield code="a">Bibliograf&#xED;a: hojas 112-116</subfield>
  </datafield>
  <datafield tag="505" ind1=" " ind2=" ">
    <subfield code="a">9 planos --
1. Plano general de distribuci&#xF3;n de &#xE1;reas (propuesta) (Esc. 1:500) -- 
2. Plano general de distribuci&#xF3;n de &#xE1;reas (actual) (Esc. 1:500) -- 
3. Plano de distribuci&#xF3;n de &#xE1;reas actual(Esc. 1:50) -- 
4. Plano de distribuci&#xF3;n de &#xE1;reas ideal (planta ciruela) (Esc. 1:50) -- 
5. Plano de distribuci&#xF3;n de &#xE1;reas propuesta (planta ciruela) (Esc. 1:50) -- 
6. Plano de distribuci&#xF3;n de &#xE1;reas propuesta (planta hortalizas) (Esc. 1:50) -- 
7. Plano de distribuci&#xF3;n de equipos actual (planta ciruela) (Esc. 1:50) -- 
8. Plano de distribuci&#xF3;n de equipos ideal (planta ciruela) (Esc. 1:50) --
9. Plano de distribuci&#xF3;n de equipos propuesta (planta ciruela) (Esc. 1:50)</subfield>
  </datafield>
  <datafield tag="650" ind1="1" ind2="3">
    <subfield code="a">Frutos  </subfield>
    <subfield code="9">150524</subfield>
  </datafield>
  <datafield tag="650" ind1="1" ind2="3">
    <subfield code="a">Industria agr&#xED;cola</subfield>
    <subfield code="9">151807</subfield>
    <subfield code="z">Chile  </subfield>
  </datafield>
  <datafield tag="650" ind1="1" ind2="3">
    <subfield code="a">Verduras  </subfield>
    <subfield code="9">150530</subfield>
  </datafield>
  <datafield tag="650" ind1="1" ind2="3">
    <subfield code="a">Agricultural industry</subfield>
    <subfield code="9">151806</subfield>
    <subfield code="z">Chile</subfield>
  </datafield>
  <datafield tag="650" ind1="1" ind2="3">
    <subfield code="a">Fruits  </subfield>
    <subfield code="9">150789</subfield>
  </datafield>
  <datafield tag="650" ind1="1" ind2="3">
    <subfield code="a">Vegetables  </subfield>
    <subfield code="9">151808</subfield>
  </datafield>
  <datafield tag="700" ind1="1" ind2=" ">
    <subfield code="a">Sandoval Castilla, Ofelia</subfield>
    <subfield code="9">151810</subfield>
    <subfield code="e">coordinadora</subfield>
  </datafield>
  <datafield tag="700" ind1="1" ind2=" ">
    <subfield code="a">Briones Ju&#xE1;rez, Julio C&#xE9;sar</subfield>
    <subfield code="9">134758</subfield>
    <subfield code="e">colaborador</subfield>
  </datafield>
  <datafield tag="856" ind1="4" ind2="1">
    <subfield code="u">http://10.13.5.2/ve/TC711EIUPA/TC711EIUPA2015-PLANO-DISTRIBUCIONDEAREASGENERALPOPUESTA.pdf</subfield>
    <subfield code="y">DESCARGAR PLANO GENERAL DE DISTRIBUCI&#xD3;N DE &#xC1;REAS (PROPUESTA) </subfield>
  </datafield>
  <datafield tag="856" ind1="4" ind2="1">
    <subfield code="u">http://10.13.5.2/ve/TC711EIUPA/TC711EIUPA2015-PLANO-DISTRIBUCIONGENERALDEAREAS.pdf</subfield>
    <subfield code="y">DESCARGAR PLANO GENERAL DE DISTRIBUCI&#xD3;N DE &#xC1;REAS (ACTUAL) </subfield>
  </datafield>
  <datafield tag="856" ind1="4" ind2="1">
    <subfield code="u">http://10.13.5.2/ve/TC711EIUPA/TC711EIUPA2015-PLANO-DISTRIBUCIONDEAREASACTUAL.pdf</subfield>
    <subfield code="y">DESCARGAR PLANO DE DISTRIBUCI&#xD3;N DE &#xC1;REAS ACTUAL</subfield>
  </datafield>
  <datafield tag="856" ind1="4" ind2="1">
    <subfield code="u">http://10.13.5.2/ve/TC711EIUPA/TC711EIUPA2015-PLANO-DISTRIBUCIONDEAREAS.pdf</subfield>
    <subfield code="y">DESCARGAR PLANO DE DISTRIBUCI&#xD3;N DE &#xC1;REAS IDEAL (PLANTA CIRUELA) </subfield>
  </datafield>
  <datafield tag="856" ind1="4" ind2="1">
    <subfield code="u">http://10.13.5.2/ve/TC711EIUPA/TC711EIUPA2015-PLANO-DISTRIBUCIONDEAREASPROPUESTA.pdf</subfield>
    <subfield code="y">DESCARGAR PLANO DE DISTRIBUCI&#xD3;N DE &#xC1;REAS PROPUESTA (PLANTA CIRUELA) </subfield>
  </datafield>
  <datafield tag="856" ind1="4" ind2="1">
    <subfield code="u">http://10.13.5.2/ve/TC711EIUPA/TC711EIUPA2015-PLANO-DISTRIBUCIONPROPUESTAHORTALIZAS.pdf</subfield>
    <subfield code="y">DESCARGAR PLANO DE DISTRIBUCI&#xD3;N DE &#xC1;REAS PROPUESTA (PLANTA HORTALIZAS) </subfield>
  </datafield>
  <datafield tag="856" ind1="4" ind2="1">
    <subfield code="u">http://10.13.5.2/ve/TC711EIUPA/TC711EIUPA2015-PLANO-DISTRIBUCIONDEEQUIPOACTUAL.pdf</subfield>
    <subfield code="y">DESCARGAR PLANO DE DISTRIBUCI&#xD3;N DE EQUIPOS ACTUAL (PLANTA CIRUELA) </subfield>
  </datafield>
  <datafield tag="856" ind1="4" ind2="1">
    <subfield code="u">http://10.13.5.2/ve/TC711EIUPA/TC711EIUPA2015-PLANO-DISTRIBUCIONDEEQUIPODETALLADO.pdf</subfield>
    <subfield code="y">DESCARGAR PLANO DE DISTRIBUCI&#xD3;N DE EQUIPOS IDEAL (PLANTA CIRUELA) </subfield>
  </datafield>
  <datafield tag="856" ind1="4" ind2="1">
    <subfield code="u">http://10.13.5.2/ve/TC711EIUPA/TC711EIUPA2015-PLANO-DISTRIBUCIONDEEQUIPOPROPUESTA.pdf</subfield>
    <subfield code="y">DESCARGAR PLANO DE DISTRIBUCI&#xD3;N DE EQUIPOS PROPUESTA (PLANTA CIRUELA) </subfield>
  </datafield>
  <datafield tag="856" ind1="4" ind2="1">
    <subfield code="u">http://10.13.5.2/ve/TC711EIUPA/TC711EIUPA2015-REPORTE.pdf</subfield>
    <subfield code="y">DESCARGAR REPORTE</subfield>
  </datafield>
  <datafield tag="901" ind1=" " ind2=" ">
    <subfield code="a">T.C.711 S26 EIUPA 2015</subfield>
  </datafield>
  <datafield tag="902" ind1=" " ind2=" ">
    <subfield code="a">M</subfield>
  </datafield>
  <datafield tag="905" ind1=" " ind2=" ">
    <subfield code="a">5232272015                          mx enml8223123322spa16</subfield>
  </datafield>
  <datafield tag="942" ind1=" " ind2=" ">
    <subfield code="2">local</subfield>
  </datafield>
  <datafield tag="942" ind1=" " ind2=" ">
    <subfield code="c">VE</subfield>
  </datafield>
  <datafield tag="999" ind1=" " ind2=" ">
    <subfield code="c">172446</subfield>
    <subfield code="d">172446</subfield>
  </datafield>
  <datafield tag="952" ind1=" " ind2=" ">
    <subfield code="0">0</subfield>
    <subfield code="1">0</subfield>
    <subfield code="2">local</subfield>
    <subfield code="4">0</subfield>
    <subfield code="5">1</subfield>
    <subfield code="7">0</subfield>
    <subfield code="8">VE</subfield>
    <subfield code="a">IA_</subfield>
    <subfield code="b">IA_</subfield>
    <subfield code="d">2022-01-18</subfield>
    <subfield code="e">El autor</subfield>
    <subfield code="l">0</subfield>
    <subfield code="o">T.C.711 S26 EIUPA 2015</subfield>
    <subfield code="p">1106010232</subfield>
    <subfield code="r">2022-01-18 00:00:00</subfield>
    <subfield code="t">Ej. 2</subfield>
    <subfield code="w">2022-01-18</subfield>
    <subfield code="y">CD</subfield>
  </datafield>
  <datafield tag="952" ind1=" " ind2=" ">
    <subfield code="0">0</subfield>
    <subfield code="1">0</subfield>
    <subfield code="2">local</subfield>
    <subfield code="4">0</subfield>
    <subfield code="5">1</subfield>
    <subfield code="7">0</subfield>
    <subfield code="8">VE</subfield>
    <subfield code="a">IA_</subfield>
    <subfield code="b">IA_</subfield>
    <subfield code="d">2022-01-18</subfield>
    <subfield code="e">El autor</subfield>
    <subfield code="l">0</subfield>
    <subfield code="o">T.C.711 S26 EIUPA 2015</subfield>
    <subfield code="p">1106010231</subfield>
    <subfield code="r">2026-01-26 00:00:00</subfield>
    <subfield code="t">Ej. 1</subfield>
    <subfield code="w">2022-01-18</subfield>
    <subfield code="y">VE</subfield>
  </datafield>
  <datafield tag="952" ind1=" " ind2=" ">
    <subfield code="0">0</subfield>
    <subfield code="1">0</subfield>
    <subfield code="2">local</subfield>
    <subfield code="4">0</subfield>
    <subfield code="7">0</subfield>
    <subfield code="8">VEE</subfield>
    <subfield code="a">IA_</subfield>
    <subfield code="b">IA_</subfield>
    <subfield code="c">E_L</subfield>
    <subfield code="d">2024-05-03</subfield>
    <subfield code="e">El autor</subfield>
    <subfield code="l">0</subfield>
    <subfield code="o">T.C.711 S26 EIUPA 2015</subfield>
    <subfield code="p">1206010231</subfield>
    <subfield code="r">2024-05-03 00:00:00</subfield>
    <subfield code="w">2024-05-03</subfield>
    <subfield code="y">VEE</subfield>
  </datafield>
</record>
